000 00572nam a2200133 i 4500
001 168325
003 ES-MaACL
005 20230906213741.0
008 080312s1863 sp |||| | spa d
245 0 0 _aInstrucción para los alumnos de las facultades de medicina que aspiren a las plazas pensionadas por el Ministerio de Marina de que trata la real orden de esta fecha.
260 _aMadrid :
_b[s.n.],
_c1863 (
_fImprenta Real)
300 _a10 p. ;
_c16 cm.
852 _aES-MaACL
_jT-411-F-10
_z.- En port:: Sello de "Los Escolares Médicos" y firma de Gustavo Saenz Díez
999 _c168325
_d168325